| 000 | 00895nam2a2200217 4500 | ||
|---|---|---|---|
| 001 | rc\3042297 | ||
| 005 | 20260315065630.0 | ||
| 035 | _a(NLR Aleph) 007182427 | ||
| 090 |
_a13623250 _c13623250 |
||
| 100 | _a20111002d1981 u y0rusy50 ca | ||
| 101 | 0 | _arus | |
| 102 | _aRU | ||
| 105 | _ay z ||||| | ||
| 200 | 0 | _aН.С. № 33 | |
| 210 | _d1981 | ||
| 461 | 0 |
_1001rc\3042293 _12000#$aБотаника с основами физиологии ...$fакад. Б.А. Келлер$vН. С. № 33 _1700#1$aКеллер$bБ.А.$gБорис Александрович$f1874-1945 _97455049 _aКеллер, Б.А. (1874-1945) _cМосква _d1933 _fакад. Б.А. Келлер _nСельколхозгиз _tБотаника с основами физиологии ... _vН. С. № 33 |
|
| 801 | 0 |
_aRU _bNLR _gpsbo |
|
| 801 | 1 |
_aRU _bELAR _2rusmarc |
|
| 852 |
_aNLR _jПр50 В-4/2 |
||
| 942 | _cUNSPEC | ||
| 980 | _aNB | ||